000 00469nam a2200169 i 4500
001 bg
245 0 _aGermetizacija polimernymi materialami v radioelektronike /
_c[Aut. B. M. Tareev i in.].
260 _aMoskva :
_b"Energija",
_c1974.
300 _as. 302 :
_brys., tabl.
500 _a[Alf. ros.].
504 _a[Zawiera bibliogr. s. 289-301].
040 _cBPK
041 _apol
080 _a621.396
942 _cKS
008 s pl f |000 0 pol
999 _c26500
_d26500
856 _uhttp://koha.tu.koszalin.pl/cgi-bin/koha/opac-detail.pl?biblionumber=26500
_yKatalog online BPK